000 00812nam a2200265Ia 4500
003 OSt
005 20221007110727.0
006 a|||||r|||| 00| 0
007 ta
008 221006b |||||||| |||| 00| 0 eng d
024 _a21,711
037 _cTextual
040 _aLCO
_cLCO
_beng
041 _2eng
_aeng
082 _aX8(A):9G5qN70, L3
100 _aSrivastava Kirpa Dayal
_9376422
245 0 _aCommentaries on the Contract Labour (Regulation and Abolition) Act, 1970
250 _a1st
260 _aLucknow
_bEastern Book Company India
_c1973
300 _a489+xxi
650 _aCONTRACT LABOUR
_9425410
700 _a Srivastava Ramesh Kumar
_9707751
942 _hX8(A):9G5qN70, L3
_cTEXL
999 _c1191274
_d1191274